Berio's Sequenzas : essays on performance, composition and analysis /

Bibliographic Details
Other Authors: Halfyard, Janet K., 1966-
Format: Book
Language:English
Published: Aldershot, England ; Burlington, VT : Ashgate, [2007]
Subjects:
Online Access:Table of contents only

MARC

Tag First Indicator Second Indicator Subfields
LEADER 00000cam a22000004a 4500
001 in00002331981
005 20151108045317.0
008 060927s2007 enkag bk 001 0 eng
010 |a  2006032277 
015 |a GBA6A0533  |2 bnb 
016 7 |a 013613136  |2 Uk 
020 |a 9780754654452 (alk. paper) 
020 |a 0754654451 (alk. paper) 
035 |a (OCoLC)ocm71812796 
035 |a (OCoLC)71812796 
040 |a DLC  |c DLC  |d UKM  |d OCL  |d BTCTA  |d BAKER  |d BWKUK  |d YDXCP  |d UtOrBLW 
049 |a TXAM 
050 0 0 |a ML410.B4968  |b B47 2007 
082 0 0 |a 784.18/94  |2 22 
245 0 0 |a Berio's Sequenzas :  |b essays on performance, composition and analysis /  |c edited by Janet K. Halfyard ; with an introduction by David Osmond-Smith. 
264 1 |a Aldershot, England ;  |a Burlington, VT :  |b Ashgate,  |c [2007] 
264 4 |c ©2007 
300 |a xxii, 306 pages :  |b illustrations, music ;  |c 24 cm. 
336 |a text  |b txt  |2 rdacontent 
337 |a unmediated  |b n  |2 rdamedia 
338 |a volume  |b nc  |2 rdacarrier 
504 |a Includes bibliographical references (pages [291]-298) and index. 
504 |a Includes discography. 
505 0 |a Pt. 1. Performance issues -- Pt. 2. Berio's compositional process and aesthetics -- Pt. 3. Analytical approaches. 
600 1 0 |a Berio, Luciano,  |d 1925-2003.  |t Sequenzas. 
700 1 |a Halfyard, Janet K.,  |d 1966- 
856 4 1 |3 Table of contents only  |u http://www.loc.gov/catdir/toc/ecip072/2006032277.html  |t 0 
938 |a Baker & Taylor  |b BKTY  |c 99.95  |d 99.95  |i 0754654451  |n 0007219361  |s active 
938 |a Baker and Taylor  |b BTCP  |n BK0007219361 
938 |a YBP Library Services  |b YANK  |n 100457764 
945 |a PromptCat  |b 248106 
946 |a stk 
947 |a A14836472266 
994 |a 92  |b TXA 
948 |a cataloged  |b h  |c 2007/10/25  |d c  |e blrosas  |f 12:24:14 pm 
999 |a MARS 
999 f f |s f7cea202-00f7-3a09-8b16-2b26e7a477bd  |i e8cbe5d9-699a-34bb-be29-c913454fb0e1  |t 0 
952 f f |p normal  |a Texas A&M University  |b College Station  |c Sterling C. Evans Library  |d Evans: Library Stacks  |t 0  |e ML410.B4968 B47 2007  |h Library of Congress classification  |i unmediated -- volume  |m A14836472266 
998 f f |a ML410.B4968 B47 2007  |t 0  |l Evans: Library Stacks